Starbucks Drink Sizes Quiz Stats

 Plays Quiz Updated Jan 19, 2014

Support Sporcle.
Go Orange.
Score 0/5 Timer 01:00
0 Plays Today
Size Equivalent Name % Correct
16 US fl oz (470 mL)Grande
95.1%
20 US fl oz (590 mL)Venti
88.2%
12 US fl oz (350 mL)Tall
84.5%
8 US fl oz (240 mL)Short
41.2%
31 US fl oz (920 mL)Trenta
34.4%

From the Vault

Grab Bag Game

by LTH

Gaming 5m
Like how you have to grab from the bag of tiles during Scrabble?
Remove Ads.
Support Sporcle.
Get the best of Sporcle when you Go Orange. This ad-free experience offers more features, more stats, and more fun while also helping to support Sporcle. Thank you for becoming a member.

Show Comments

Extras

Top Quizzes Today


Score Distribution

Your Account Isn't Verified!

In order to create a playlist on Sporcle, you need to verify the email address you used during registration. Go to your Sporcle Settings to finish the process.

Report this User

Report this user for behavior that violates our Community Guidelines.

Details: